Statistics for FIFA MANCHESTER CITY TOP GOAL SCORERS QUIZ

Click here to take the quiz!

General Stats

  • This quiz has been taken 40 times
  • The average score is 12 of 14

Answer Stats

HintAnswer% Correct
NORErling Haaland
100%
BELKevin De Bruyne
100%
BOSNIAEdin Džeko
97%
ALGRiyad Mahrez
97%
GERİlkay Gündoğan
95%
ARGSergio Agüero
92%
SPADavid Silva
89%
ENGRaheem Sterling
89%
IVORYYaya Touré
86%
ENGPhil Foden
84%
ITAMario Balotelli
76%
BRAGabriel Jesus
73%
ARGCarlos Tevez
70%
GERLeroy Sané
68%

Score Distribution

Percentile by Number Answered

Percent of People with Each Score

Your Score History

You have not taken this quiz